Normale Ansicht MARC-Ansicht ISBD

"Ganz ungewohnte Erregung": Der Kapp-Putsch in Potsdam (Titelsatznr. 80573)

[ MARC ]
MARC-Details
000 -Satzkennung
Kontrollfeld mit fester Länge 00605nam a2200169 4500
008 - Feld mit fester Länge zur physischen Beschreibung - Allgemeine Angaben
Kontrollfeld mit fester Länge 201207b ||||| |||| 00| 0 eng d
040 ## - Katalogisierungsquelle
Katalogisierungssprache ger
Übertragungsstelle STAFF
Beschreibungsfestlegungen rda
Original-Katalogisierungsstelle STAFF
041 ## - Sprachcode
Sprachcode des Textes/der Tonspur oder des separaten Titels ger
100 ## - Person oder Familie als 1. geistiger Schöpfer
Personenname Catenhusen, Holger:
245 ## - Titel
Haupttitel "Ganz ungewohnte Erregung": Der Kapp-Putsch in Potsdam
Verantwortlichkeitsangabe Holger Catenhusen
490 ## - Gesamttitelangabe
Haupttitel der Reihe/Unterreihe Die Mark Brandenburg
Zählung Heft 119: Rebellion und Revolution
773 ## - Übergeordnete Einheit
Ort, Verlag und Erscheinungsjahr Berlin: Die Mark Brandenburg - Verlag für Regional- und Zeitgeschichte
Verknüpfungsangaben (2020) Heft 119, S.26-29: Abb.
Titel Die Mark Brandenburg
942 ## - Zusätzliche Felder (Koha)
Koha-Medientyp Aufsätze
Exemplare
Ausgeschieden Verloren Beschädigt Nicht entleihbar Permanenter Standort Aktueller Standort Aufstellungsort Eingabedatum Jahrgang/Heft Anzahl Ausleihen Signatur Letzte Aktivität Preis gültig von Medientyp
        Stadtarchiv Frankfurt (Oder) | Archivbibliothek Stadtarchiv Frankfurt (Oder) | Archivbibliothek Lesesaal 14/01/2021 119/2020   Bb1 102 14/01/2021 14/01/2021 Aufsätze